| 000 | 00439nam a2200169Ia 4500 | ||
|---|---|---|---|
| 003 | IT-RoPAU | ||
| 005 | 20220918175405.0 | ||
| 008 | 120407s9999 xx 000 0 und d | ||
| 040 | _aIT-RoPAU | ||
| 040 | _cIT-RoPAU | ||
| 100 |
_aCesare G. De Michelis _934292 |
||
| 245 | _aIl manoscritto inesistente. I protocolli dei Savi di Sion: un apocrifo del XX secolo | ||
| 260 | _aMarsilio | ||
| 300 | _c cm | ||
| 490 | _v1 | ||
| 942 |
_cBK _2ddc |
||
| 999 |
_c8203 _d8203 |
||